Estadísticas para Mapa de Sudamérica

Haz click aquí para intentar la prueba.

Estadísticas generales

  • Esta prueba ha sido intentada 57.901 veces
  • La puntuación promedio es 11 de 14

Respuestas en el mapa

Las respuestas están codificadas por una escala verde-roja en el mapa de la prueba según el % correcto abajo.
 

Estadísticas de respuestas

Respuesta% Correcto
Argentina
93%
Chile
93%
Brasil
92%
Colombia
83%
Venezuela
83%
Bolivia
82%
Perú
82%
Ecuador
81%
Paraguay
81%
Islas Malvinas
80%
Uruguay
80%
Guayana Francesa
68%
Guyana
56%
Surinam
56%

Distribución de puntuación

Porcentaje por número respondido

Porcentaje de gente con cada puntuación

Historial de tus puntuaciones

No has intentado esta prueba.